Historia general de las civilizaciones: los siglos XVI y XVII

Gorde:
Xehetasun bibliografikoak
Egile nagusia: Crouzet, Maurice (Egilea)
Formatua: Liburua
Hizkuntza:gaztelania
Argitaratua: Barcelona Destinolibro 1981
Saila:Colección Destinolibro, 98, 99
Gaiak:
Etiketak: Etiketa erantsi
Etiketarik gabe, Izan zaitez lehena erregistro honi etiketa jartzen!

MARC

LEADER 00000nam a2200000 a 4500
001 UCO0887
003 CL-VaPUC
008 000428e19810000SP |||||||||||||||||spa|d
082 0 4 |a 930  |b CRO  |2 21 
100 0 |a Crouzet, Maurice  |e author  |9 442481 
245 1 0 |a Historia general de las civilizaciones: los siglos XVI y XVII 
300 |a v 
942 |c BK 
945 |d 20000428 00:00:00  |a rherrera 
260 |a Barcelona  |b Destinolibro  |c 1981 
500 |a v.1: El Progreso de la Civilización Europea y la Decadencia de Oriente 1492-1715 
500 |a v.2: El progreso de la civilización europea y la decadencia de oriente 1492-1715 
650 0 |a Historia  |9 255047 
650 0 |a Civilizaciones antiguas  |9 265998 
650 0 |a Edad media  |9 258041 
650 0 |a Historia moderna  |9 268036 
650 0 |a Siglos 16-17  |9 319315 
583 |a last modification  |c 20000428 00:00:00  |k Rodrigo Vera 
490 0 |a Colección Destinolibro, 98, 99 
999 |c 287526  |d 287524 
952 |0 0  |1 0  |4 0  |6 930_000000000000000_CRO_1981  |7 0  |8 A  |9 334421  |a BIBHIS  |b BIBHIS  |d 2019-11-20  |h v.1  |i 1267558  |o 930 CRO 1981  |p 1267558  |r 2025-01-20  |w 2019-11-20  |y BK  |k HIS 
952 |0 0  |1 0  |4 0  |6 930_000000000000000_CRO_1981  |7 0  |8 A  |9 334422  |a BIBHIS  |b BIBHIS  |d 2019-11-20  |h v.2  |i 3765229  |o 930 CRO 1981  |p 3765229  |r 2025-01-20  |w 2019-11-20  |y BK  |k HIS